000 00297nam a22001337a 4500
008 171004b xxu||||| |||| 00| 0 eng d
020 _a9780073531892
041 _aeng
080 _29 ED
_a159.9
100 _a48
101 _aPSI
245 _aSOCIAL PSYCHOLOGY
_cMYERS.D.G
942 _2udc
_cBK
999 _c31783
_d31783